| 000 | 00607nam a2200265Ia 4500 | ||
|---|---|---|---|
| 005 | 20260306163520.0 | ||
| 008 | 008 260114s9999 xx 000 0 eng d | ||
| 020 | _a9781479826742 | ||
| 037 | _aEBOOK | ||
| 040 | _aCRL | ||
| 040 | _beng | ||
| 040 | _cCRL | ||
| 041 | _2eng | ||
| 041 | _aeng | ||
| 084 | _qCRL | ||
| 100 | _aCarroll | ||
| 245 | 0 | _aFor Pleasure: Race, Experimentalism, And Aesthetics | |
| 260 | _bNYU Press | ||
| 260 | _c2024 | ||
| 650 | _aSocial Work | ||
| 856 | _uhttps://academic.oup.com/book/56569 | ||
| 942 | _cEBOOK | ||
| 999 |
_c1710416 _d1710416 |
||